| 000 | 00852nas a2200277 4500 | ||
|---|---|---|---|
| 001 | BR2012009050 | ||
| 003 | BR-BrBNA | ||
| 005 | 20231205121559.0 | ||
| 007 | ta | ||
| 008 | 230509b bl.|||p| |||| 00| 00por d | ||
| 040 |
_aBR-BrBNA _bpor _cBiblioteca Nacional de Agricultura |
||
| 041 | _a(Pt) | ||
| 072 | _aL73 | ||
| 100 | 1 | _aGenaro, G. | |
| 245 | 1 | _aGato doméstico: futuro desafio para controle da raiva em áreas urbanas | |
| 246 | 1 | _aDomestic cat: Future challenge for the control of urban rabies? | |
| 650 | _aGATO | ||
| 650 | _aRAIVA | ||
| 650 | _aDOENÇA ANIMAL | ||
| 650 | _aVÍRUS | ||
| 650 | _aZOONOSE | ||
| 650 | _aANIMAL DOMÉSTICO | ||
| 773 | 0 |
_tPesquisa Veterinária Brasileira (Brazil) _xISSN 0100-736X _g(Feb 2010), v. 30(2) p. 186-189 _wBR2012009050 |
|
| 909 |
_a202311 _bLúcia _c55 _dLúcia Elande |
||
| 942 |
_2AGRIS _n0 _cANA |
||
| 999 |
_c224221 _d224221 |
||